Visualizzazione normale
Vista MARC
- educazione
di Topical Term
Records bibliografici associati: 150
001 - CONTROL NUMBER
- control field: 56062
003 - CONTROL NUMBER IDENTIFIER
- control field: IT-RoPau
005 - DATE AND TIME OF LATEST TRANSACTION
- control field: 20161216153111.0
008 - FIXED-LENGTH DATA ELEMENTS
- fixed length control field: 161216|| aca||aabn | a|a d
040 ## - CATALOGING SOURCE
- Original cataloging agency: IT-RoPau
- Transcribing agency: IT-RoPau
150 ## - HEADING--TOPICAL TERM
- Topical term or geographic name entry element: educazione
670 ## - SOURCE DATA FOUND
- Source citation: Work cat.: (IT-RoPau): Fantoni Fabrizio, Presilla Roberto 56061, Si può ancora educare?, 2015